00444nam a2200181Ia 4500003000400000005001700004008004100021020001800062040000700080041000800087082001600095100002300111245005000134250000600184260004200190300001700232365001300249OSt20230419113111.0210423s2011 xx 000 0 und d a9788120343436 cAL aeng a657.48 NARR aNARAYANASWAMY (R). aFinancial accounting: managerial perspective. a3 aNew DelhibPHI Learning Pvt Ltdc2011 axiii,663bPB b375cINR